Un asunto tenebroso / (Record no. 29302)
[ view plain ]
| 000 -LEADER | |
|---|---|
| campo de control de longitud fija | 00539nam a2200193 i 4500 |
| 001 - NÚMERO DE CONTROL | |
| campo de control | 29302 |
| 003 - IDENTIFICADOR DE NÚMERO DE CONTROL | |
| campo de control | ES-MaACL |
| 005 - FECHA Y HORA DE LA ÚLTIMA TRANSACCIÓN | |
| campo de control | 20250818131133.0 |
| 007 - CAMPO FIJO DE DESCRIPCIÓN FÍSICA--INFORMACIÓN GENERAL | |
| campo de control de longitud fija | t| |
| 008 - DATOS DE LONGITUD FIJA--INFORMACIÓN GENERAL | |
| campo de control de longitud fija | 030121s1968 sp af |||| | spa d |
| 080 ## - NÚMERO DE LA CLASIFICACIÓN DECIMAL UNIVERSAL | |
| Número de la Clasificación Decimal Universal | 840-311.6"18" |
| 100 1# - ENTRADA PRINCIPAL--NOMBRE DE PERSONA | |
| Nombre de persona | Balzac, Honoré de, |
| Fechas asociadas al nombre | 1799-1850 |
| 9 (RLIN) | 25139 |
| 245 13 - MENCIÓN DEL TÍTULO | |
| Título | Un asunto tenebroso / |
| Mención de responsabilidad, etc. | Honoré de Balzac. |
| 260 ## - PUBLICACIÓN, DISTRIBUCIÓN, ETC. | |
| Lugar de publicación, distribución, etc. | [Madrid : |
| Nombre del editor, distribuidor, etc. | Círculo de Amigos de la Historia, |
| Fecha de publicación, distribución, etc. | 1968] |
| 300 ## - DESCRIPCIÓN FÍSICA | |
| Extensión | 250 p., 8 lám. ; |
| Dimensiones | 18 cm. |
| 700 2# - ENTRADA AGREGADA--NOMBRE PERSONAL | |
| Nombre de persona | |
| 9 (RLIN) | 241837 |
| 852 ## - LOCALIZACIÓN | |
| Ubicación | ES-MaACL |
| Número de control de estantería | C-35629 |
| Estatus retirado | Estado de pérdida | Estado de daño | No para préstamo | Biblioteca de origen | Biblioteca actual | Ubicación en estantería | Fecha de adquisición | Fuente de adquisición | Total de préstamos | Signatura topográfica completa | Código de barras | Visto por última vez | Precio de reemplazo | Tipo de ítem Koha |
|---|---|---|---|---|---|---|---|---|---|---|---|---|---|---|
| Biblioteca del Ateneo de Madrid | Biblioteca del Ateneo de Madrid | Depósito 2 | 17/01/2008 | C-35629 | 1030250 | 23/02/2023 | 23/02/2023 | Libro impreso |
